000 00444 a2200157 4500
005 20250414102521.0
020 _a0-07-06-9348-X
082 _a657 WEA
100 _aWEAVER, D.H.
245 _aAccounting : Systems and Procedures Advanced Course.
250 _a2nd Ed.
260 _aNew york,
_bMcgraw-Hill Inc,
_c1989.
300 _avii,597p.:Ill.;figures & picture
_bIndex
_c25cm.
700 _aSMILEY, J.M.& BROWER, E.B.
942 _2ddc
_cBKS
999 _c1369
_d1369